Pokemon Category Elimination #5 - Statistics

General Stats
  • This quiz has been taken 653 times
  • The average score is 15 of 25
Answer Stats
Question No. Hint Answer % Correct
Category 1 119 Town/city in the main series games
93%
Category 4 46 A Pokemon that can mega evolve
91%
Category 2 36 A Pokemon with a regional form
90%
Category 5 96 A Pokemon that can learn Fly
89%
Category 1 60 No gym
88%
Category 3 69 Ground Type Pokemon
88%
Category 4 35 Neither legendary nor starter Pokemon
88%
Category 2 27 The newer regional form is dual typed
86%
Category 4 28 Both original and mega forms have the same type
85%
Category 2 20 Neither form is Dark typed
83%
Category 3 21 Base HP value ≥ 90
72%
Category 3 15 Has not been used by a champion
67%
Category 4 6 Single typed
64%
Category 5 22 Is not Flying type
58%
Category 4 1 Ghost type Banette
57%
Category 5 10 Non legendary
43%
Category 2 3 Not introduced in Kanto
40%
Category 2 1 Not part of an evolutionary line Stunfisk
33%
Category 1 9 Beginning with a vowel
30%
Category 5 3 Is not Dragon type
30%
Category 5 1 Has no wings Golurk
26%
Category 1 5 Located near a river or sea
22%
Category 3 2 Is not the final Pokemon in its evolution line
22%
Category 1 1 Holiday destination for a strong trainer of another region Undella Town
19%
Category 3 1 Furry Piloswine
15%
No matching quizzes found
Score Distribution
Percent of People with Each Score
Percentile by Number Answered
Your Score History
You have not taken this quiz